• 首页
  • 本馆介绍
  • 公告通知
  • 最新文献
  • 馆藏检索
  • 电子资源
  • 读者导购
  • 参考咨询
  • 我的图书馆
  • 登录
  • 详细信息显示
  • 放入我的书架
  • 预约/预借图书
  • 作者相关作品
  • 分类相关作品
  • 丛书相关作品
  • 出版社相关作品

书目信息

  • 表格格式
  • 工作单格式
  • 卡片格式
题名:
中国循环经济发展的模式与政策
    
 
作者: 任勇 , 周国梅 编
分册:  
出版信息: 北京   中国环境科学出版社  2009
页数: 398页
开本: 26cm
丛书名:
单 册:
中图分类: F124.5
科图分类:
主题词: 自然资源--资源利用--经济发展战略--研究--中国 , 自然资源 , 资源利用 , 经济发展战略
电子资源:
ISBN: 978-7-80209-896-1
000 00825nam0 2200265 45
001 1050663203
005 20100415164946.71
010    @a978-7-80209-896-1@dCNY69.00
100    @a20100408d2009 em y0chiy0120 ea
101 0  @achi
102    @aCN@b110000
105    @ay z 000yy
106    @ar
200 1  @a中国循环经济发展的模式与政策@AZhong Guo Xun Huan Jing Ji Fa Zhan De Mo Shi Yu Zheng Ce@f任勇,周国梅等编@FRen Yong, Zhou Guo Mei Deng Bian
210    @a北京@c中国环境科学出版社@d2009
215    @a398页@d26cm
606 0  @a自然资源@x资源利用@x经济发展战略@x研究@y中国
606 0  @a自然资源
606 0  @a资源利用
606 0  @a经济发展战略
690    @aF124.5@v4
701  0 @a任勇@ARen Yong@4编
701  0 @a周国梅@AZhou Guo Mei@4编
801  0 @aCN@bTANGWEI@c20100415
905    @b0589238-42@dF124.5@e146@f5
    
    中国循环经济发展的模式与政策/任勇,周国梅等编.-北京:中国环境科学出版社,2009
    398页;26cm
    
    
    ISBN 978-7-80209-896-1:CNY69.00
    
●
相关链接 在E读中查询图书 在五车中查询图书 在当当中查询图书 在豆瓣中查询图书


正题名:中国循环经济发展的模式与政策     索取号:F124.5/146         预约/预借

序号 登录号 条形码 馆藏地/架位号 状态 备注
1 0589238   205892382   第一样本阅览室/ [索取号:F124.5/146] 在馆    
2 0589239   205892391   第一借阅区/ [索取号:F124.5/146] 在馆    
3 0589240   205892408   第一借阅区/ [索取号:F124.5/146] 在馆    
4 0589241   205892417   第一借阅区/ [索取号:F124.5/146] 在馆    
5 0589242   205892426   第一借阅区/ [索取号:F124.5/146] 在馆    
唐山师范学院图书馆 欢迎您!
大连网信软件有限公司© 版权所有